| 000 | 00363nam a22001457a 4500 | ||
|---|---|---|---|
| 999 |
_c8794 _d8794 |
||
| 003 | OSt | ||
| 005 | 20210108164853.0 | ||
| 008 | 210108b ||||| |||| 00| 0 eng d | ||
| 020 | _a9789385880025 | ||
| 082 |
_a620.2 _bEVE |
||
| 245 | _aMaster Handbook of Acoustics | ||
| 250 | _aFourth edition | ||
| 260 | _bMcgraw hill education (India)private ltd., | ||
| 942 | _2ddc | ||